Soporte, mantenimiento y operación en el área de telecomunicaciones /

Salvato in:
Dettagli Bibliografici
Autore principale: Ortega Simón, Guillermo (autor)
Natura: Tesi Libro
Lingua:spagnolo
Soggetti:
Tags: Aggiungi Tag
Nessun Tag, puoi essere il primo ad aggiungerne!!

MARC

LEADER 00000nam^a2200000^a^4500
001 000066818
005 20250521000000.0
009 20260526120223.733
037 |a Acervo ITESO - Biblioteca 
041 |a ESP 
090 |a IEL. 166 
100 |a Ortega Simón, Guillermo  |e (autor) 
245 1 0 |a Soporte, mantenimiento y operación en el área de telecomunicaciones /  |c G. Ortega Simón. 
264 |a Guadalajara, México :  |b edición de autor,  |c 1998 
300 |a 37 p. 
336 |a texto  |b txt  |2 rdacontenido 
337 |a sin mediación  |b n  |2 rdamedio 
338 |a volumen  |b nc  |2 rdasoporte 
502 |a ITESO Reporte Profesional de Licenciatura en Ingeniería Electrónica 
649 |a XX 
650 |a Telecomunicaciones 
650 |a Comunicación en Red 
650 |a Redes de Computadoras 
650 |a Ingeniería Computacional 
650 |a Bancos y Operaciones Bancarias -  |x Aspectos Tecnológicos 
910 |a Fondo General 
920 |a Impresos - Tesis del ITESO 
930 |a Colección General 
905 |a 104 
901 |a 0500022407  |b IT2  |c TSS  |u 20250521 
902 |a https://opac.biblio.iteso.mx/vufind/Record/000066818